000 00801nam a2200253Ia 4500
003 OSt
005 20220926005056.0
006 a|||||r|||| 00| 0
007 ta
008 220923b |||||||| |||| 00| 0 eng d
037 _cGeneral Book
040 _aRTL
_cRTL
_beng
041 _2eng
_aeng
082 _aY9(W):6.2.N9, N9
100 _aMitra Subrata K
245 0 _aDemocracy and soical change in India
_b A cross-sectional analysis of the National Electorate
260 _a New Delhi
_bSage Publications
_c1999
300 _a341p
_ccm.
500 _aBibliography: p 324-335; Appendix: p 283-323
650 _aPolitical Sociology
700 _a Singh V B
_9102215
942 _hY9(W):6.2.N9, N9
_cGB
_2CC
999 _c612917
_d612917